000 00922nas a2200265 4500
001 BR8102344
003 BR-BrBNA
005 20231205084650.0
007 ta
008 230509b bl.|||p| |||| 00| 00por d
040 _aBR-BrBNA
_bpor
_cBiblioteca Nacional de Agricultura
041 _a(Pt)
072 _aF60
100 1 _aHofling, J.F.
100 1 _aOliveira, A.R.
245 1 _aReacoes serologicas com antigenos presentes em sementes de Coffea arabica L. [Cafe; Analise quimica; Sao Paulo; Brasil]
246 1 _aSerological reactions with antigens present in seeds of Coffea arabica [Coffee; Chemical analysis; Sao Paulo; Brzil]
650 _aFisiologia vegetal
650 _aCafe
650 _aSemente
650 _aAnalise quimica
773 0 _tCiencia e Cultura (Brazil)
_xISSN 0009-6725
_g(Jun 1981), v. 33(6) p. 858-862
_wBR8102344
909 _a202311
_bLúcia
_c55
_dLúcia Elande
942 _2AGRIS
_n0
_cANA
999 _c106559
_d106559